African Capitals Alphabetically - Statistics

General Stats
  • This quiz has been taken 253 times
  • The average score is 46 of 54
Answer Stats
Initial Letter Capital % Correct
A Algiers
95%
C Cairo
93%
A Abuja
92%
A Accra
92%
D Djibouti
92%
B Bamako
91%
A Asmara
90%
F Freetown
90%
J Juba
90%
T Tunis
90%
A Addis Ababa
89%
A Antananarivo
88%
B Bangui
88%
B Banjul
88%
B Brazzaville
88%
D Dakar
88%
L Luanda
88%
H Harare
87%
K Kinshasa
87%
W Windhoek
87%
B Bissau
86%
C Cape Town
86%
D Dodoma
86%
K Khartoum
86%
K Kigali
86%
N Nairobi
86%
L Lusaka
85%
C Conakry
84%
L Libreville
84%
M Maputo
84%
T Tripoli
84%
V Victoria
84%
K Kampala
83%
M Mogadishu
83%
N Niamey
83%
R Rabat
83%
L Lomé
82%
P Praia
82%
M Maseru
81%
M Moroni
81%
S São Tomé
81%
Y Yaoundé
81%
L Lilongwe
80%
M Mbabane
80%
M Monrovia
80%
N Nouakchott
80%
O Ouagadougou
80%
G Gaborone
79%
N N'Djamena
79%
P Port Louis
79%
M Malabo
78%
P Porto-Novo
77%
Y Yamoussoukro
74%
B Bujumbura
70%
No matching quizzes found
Score Distribution
Percent of People with Each Score
Percentile by Number Answered
Your Score History
You have not taken this quiz